| 000 | 00428nam a2200181Ia 4500 | ||
|---|---|---|---|
| 001 | 14221 | ||
| 005 | 20260306164858.0 | ||
| 008 | 260306t2014||||xx |||||||||||||| ||spa|| | ||
| 041 | _aESP | ||
| 082 |
_a510.073 _bC28 |
||
| 100 |
_aCárdenas de la Cruz, Víctor _eAUT |
||
| 245 | 0 | _aMatemática básica | |
| 260 | _c2014 | ||
| 300 |
_a457 páginas : _c28 cm. |
||
| 650 | _aGEN | ||
| 654 | _aCMA | ||
| 942 |
_cLIB _dJUS _fJUS _2ddc _n |
||
| 999 |
_c14221 _d14221 |
||